| 000 | 01040nam a2200301 i 4500 | ||
|---|---|---|---|
| 001 | 184874 | ||
| 003 | SpMaBN | ||
| 005 | 20250826035940.0 | ||
| 008 | 160211s2014 sp d |||| | spa d | ||
| 020 | _a978-84-15911-54-8 | ||
| 080 | _a657.421(460) | ||
| 080 | _a347.719(460) | ||
| 080 | _a336.226.12(460):336.225.66 | ||
| 100 | 1 |
_aSerrano Gutiérrez, Ángel. _9158745 |
|
| 245 | 1 | 0 |
_aFondo de comercio / _c[Ángel Serrano Gutiérrez]. |
| 250 | _aAct. a 17 de feb. de 2014. | ||
| 260 |
_aMadrid : _bFrancis Lefebvre, _c2014. |
||
| 300 |
_a120, [6] p. ; _c22 cm. |
||
| 490 | 1 | _aClaves prácticas | |
| 650 | 7 |
_aActivos (Contabilidad) _9158746 |
|
| 650 | 7 |
_aContabilidad- _xDerecho. _9158747 |
|
| 650 | 0 | 7 |
_aImpuesto sobre sociedades- _zEspaña. _913630 |
| 710 | 2 |
_aEdiciones Francis Lefebvre. _9158696 |
|
| 830 | 0 | 0 |
_aClaves prácticas Francis Lefebvre _9192249 |
| 852 |
_aES-MaACL _jA-15274 _9191889 _cDEPO1 _dOlim: L 657.421 SER fon _dOlim: Meseton _hDonación: Editorial |
||
| 942 | _2udc | ||
| 999 |
_c184874 _d184874 |
||